Why Don't We Family Members - Statistics

General Stats
  • This quiz has been taken 157 times
  • The average score is 12 of 16
Answer Stats
Hint Answer % Correct
Jack's daughter Lavender
95%
Corbyn's Girlfriend Christina
89%
Jack's girlfriend Gabbie
88%
Daniel's sister Anna
83%
Daniel's brother Christian
79%
Zach's brother Ryan
79%
Daniel's brother Tyler
79%
Jack's sister Isla
78%
Zach's sister Reese
78%
Jack's sister Ava
77%
Corbyn's sister Ashley
76%
Jack's sister Sydnie
75%
Corbyn's brother Jordan
69%
Jonah's sister Esther
56%
Jonah's sister Svea
56%
Jonah's brother Zebulon
39%
No matching quizzes found
Score Distribution
Percent of People with Each Score
Percentile by Number Answered
Your Score History
You have not taken this quiz